000 00853nam a2200205 i 4500
001 175035
003 ES-MaACL
005 20230906215728.0
008 101001s1997 sp |||| | spa d
020 _a84-88703-08-2
080 _a929 Díez del Corral, Luis
245 0 0 _aX Premio Internacional Menéndez Pelayo
_b: Luis Díez del Corral.
260 _aSantander :
_bUniversidad Internacional Menéndez Pelayo,
_c1997.
300 _a55 p. ;
_c21 cm.
504 _aBibliografía: p. 53-55.
594 _aEn port.: Discursos pronunciados con motivo de la entrega del X Premio Internacional Menéndez Pelayo a don Luis Díez del Corral el 30 de julio de 1996 en el Palacio de La Magdalena.
600 1 4 _aDíez del Corral, Luis-
_vHomenajes.
_9143385
710 2 _aUniversidad Internacional Menéndez Pelayo.
_97384
852 _aES-MaACL
_j2257-F-18
999 _c175035
_d175035